Largest Cities in Provence-Alpes-Côte d'Azur - Statistics

General Stats
  • This quiz has been taken 244 times
  • The average score is 8 of 15
Answer Stats
Population City % Correct
870,731 Marseille
97%
342,669 Nice
96%
74,545 Cannes
83%
178,745 Toulon
79%
145,133 Aix-en-Provence
76%
73,438 Antibes
62%
91,143 Avignon
60%
54,458 Frejus
45%
50,454 Arles
42%
54,821 Hyeres
38%
48,870 Grasse
32%
52,178 Cagnes-sur-Mer
22%
62,987 La-Seyne-sur-Mer
22%
48,574 Martigues
21%
47,535 Aubagne
18%
No matching quizzes found
Score Distribution
Percent of People with Each Score
Percentile by Number Answered
Your Score History
You have not taken this quiz